Upadajúci trh donútil Makytu diverzifikovať výrobu
Hospodárenie spoločnosti Makyta, a.s. Púchov za prvý polrok 1999. Situácia na trhu textilného a odevného priemyslu v európskych krajinách, silné konkurenčné prostredie. Objem výroby, podiel vývozu, zisk pred zdanením. Pokles tržieb za predaj v SR a ČR. Budovanie vlastnej predajnej siete. Makyta má n...
Salvato in:
| Autore principale: | |
|---|---|
| Natura: | Capitolo di libro |
| Lingua: | slovacco |
| Soggetti: | |
| Tags: |
Nessun Tag, puoi essere il primo ad aggiungerne!!
|
MARC
| LEADER | 00000naa a2200000 4500 | ||
|---|---|---|---|
| 001 | r035941 | ||
| 005 | 20230921103720.5 | ||
| 041 | 0 | |a slo | |
| 044 | |a SK | ||
| 245 | 1 | 0 | |a Upadajúci trh donútil Makytu diverzifikovať výrobu |c Juraj Hrúz |
| 520 | |a Hospodárenie spoločnosti Makyta, a.s. Púchov za prvý polrok 1999. Situácia na trhu textilného a odevného priemyslu v európskych krajinách, silné konkurenčné prostredie. Objem výroby, podiel vývozu, zisk pred zdanením. Pokles tržieb za predaj v SR a ČR. Budovanie vlastnej predajnej siete. Makyta má nedostatok pracovnej sily. Diverzifikácia výroby. Investície Makyty. | ||
| 610 | 2 | 0 | |a hospodárenie podnikové |
| 610 | 2 | 0 | |a predaj |
| 610 | 2 | 0 | |a tržby |
| 610 | 2 | 0 | |a zisk |
| 610 | 2 | 0 | |a vývoz |
| 610 | 2 | 0 | |a sily pracovné |
| 610 | 2 | 0 | |a diverzifikácia |
| 610 | 2 | 0 | |a výroba |
| 610 | 2 | 0 | |a investície |
| 610 | 2 | 0 | |a Makyta, a.s. Púchov |
| 610 | 2 | 0 | |a 1999 |
| 100 | 1 | |a Hrúz, Juraj | |